The pocket statistician (Record no. 53809)
[ view plain ]
| 000 -LEADER | |
|---|---|
| fixed length control field | 01090nam a2200277 a 4500 |
| 008 - FIXED-LENGTH DATA ELEMENTS--GENERAL INFORMATION | |
| fixed length control field | 120416s1996 ||||||||||||||||| || u |
| 020 ## - INTERNATIONAL STANDARD BOOK NUMBER | |
| International Standard Book Number | 034067721X |
| 050 ## - LIBRARY OF CONGRESS CALL NUMBER | |
| Classification number | HA 29 Col |
| 100 ## - MAIN ENTRY--PERSONAL NAME | |
| Personal name | Jones, R |
| 245 14 - TITLE STATEMENT | |
| Title | The pocket statistician |
| Statement of responsibility, etc. | S. Coleman; (and others) |
| 246 ## - VARYING FORM OF TITLE | |
| Title proper/short title | a practical guide to quality improvement |
| 260 ## - PUBLICATION, DISTRIBUTION, ETC. | |
| Place of publication, distribution, etc. | London |
| Name of publisher, distributor, etc. | Arnold |
| Date of publication, distribution, etc. | 1996 |
| 300 ## - PHYSICAL DESCRIPTION | |
| Extent | vi, 252p. : ill. |
| 350 ## - PRICE (NR) (BK AM CF MU VM SE) [OBSOLETE] | |
| Price | 0.00 |
| 500 ## - GENERAL NOTE | |
| General note | 1 computer disk (3 1/2 in.) - see CBU Reference Librarian |
| 650 ## - SUBJECT ADDED ENTRY--TOPICAL TERM | |
| Topical term or geographic name entry element | INDUSTRIAL ENGINEERING--STATISTICAL METHODS |
| 650 ## - SUBJECT ADDED ENTRY--TOPICAL TERM | |
| Topical term or geographic name entry element | QUALITY CONTROL--STATISTICAL METHODS |
| 650 #3 - SUBJECT ADDED ENTRY--TOPICAL TERM | |
| Topical term or geographic name entry element | P0PULATION STATISTICS |
| 650 ## - SUBJECT ADDED ENTRY--TOPICAL TERM | |
| Topical term or geographic name entry element | PROCESS CONTROL--STATISTICAL METHODS |
| 700 ## - ADDED ENTRY--PERSONAL NAME | |
| Personal name | Coleman, Shirley |
| 700 ## - ADDED ENTRY--PERSONAL NAME | |
| Personal name | Morris, C |
| 700 ## - ADDED ENTRY--PERSONAL NAME | |
| Personal name | Puzey, I |
| 856 ## - ELECTRONIC LOCATION AND ACCESS | |
| Uniform Resource Identifier | <a href="http://www.loc.gov/catdir/enhancements/fy0605/97106299-d.html">http://www.loc.gov/catdir/enhancements/fy0605/97106299-d.html</a> |
| 856 ## - ELECTRONIC LOCATION AND ACCESS | |
| Uniform Resource Identifier | <a href="http://www.loc.gov/catdir/enhancements/fy0605/97106299-t.html">http://www.loc.gov/catdir/enhancements/fy0605/97106299-t.html</a> |
| 995 ## - RECOMMENDATION 995 [LOCAL, UNIMARC FRANCE] | |
| -- | 0.00 |
| -- | CBU-MAIN LIBRARY (Kitwe) |
| -- | 1 |
| -- | 0.00 |
| -- | 1 |
| -- | AVAILABLE |
| -- | Oct 3, 2007 |
| -- | Main Library Open Access Collection |
| Withdrawn status | Lost status | Source of classification or shelving scheme | Damaged status | Not for loan | Home library | Current library | Shelving location | Date acquired | Total Checkouts | Full call number | Barcode | Date last seen | Price effective from | Koha item type |
|---|---|---|---|---|---|---|---|---|---|---|---|---|---|---|
| CBU-MAIN LIBRARY, KITWE. | CBU-MAIN LIBRARY, KITWE. | 11/30/2022 | HA 29 Col | 40530 | 11/30/2022 | 11/30/2022 | MONOGRAPH |